000
00260nam a2200133Ia 4500
100
_a
Dale/Nell
942
_c
BK
654
_a
c++
245
_a
C++ Datastructures
260
_b
Narosa book
_c
1999
082
_a
5.73
_b
DAL
300
_a
773
546
_a
ENGLISH
999
_c
27108
_d
27108